000
00247nam a22001097a 4500
041
_a
ENG
245
_a
Monograph On Question Banikg For Universities
260
_a
Delhi
_b
Association OF INDIAN
_c
1996
300
_a
107
650
_a
48
856
_u
48
999
_c
3140
_d
3140